Το ρωμαϊκό υδραγωγείο Μυτιλήνης
Αποθηκεύτηκε σε:
| Κύριος συγγραφέας: | |
|---|---|
| Μορφή: | Βιβλίο |
| Γλώσσα: | Greek |
| Δημοσίευση: |
Μυτιλήνη :
Πετράς,
1987.
|
| Θέματα: | |
| Ετικέτες: |
Προσθήκη ετικέτας
Δεν υπάρχουν, Καταχωρήστε ετικέτα πρώτοι!
|
MARC
| LEADER | 00000cam a2200000 i 4500 | ||
|---|---|---|---|
| 001 | 1/23189 | ||
| 008 | 011112r1987 gr | ||| |||| ||gre|| | ||
| 035 | |l 10067617 | ||
| 040 | |a GR-MY-UA |b gre |e aacr | ||
| 041 | 0 | |a gre | |
| 082 | 0 | |a 938.974 | |
| 100 | 1 | |a Χατζηιωάννου, Ιωάννης Σ. | |
| 245 | 1 | 3 | |a Το ρωμαϊκό υδραγωγείο Μυτιλήνης |h [ανάτυπο] / |c Ι.Σ. Χατζηιωάννου. |
| 260 | |a Μυτιλήνη : |b Πετράς, |c 1987. | ||
| 300 | |a 172 σ. : |b φωτ. ; |c 24 εκ. | ||
| 500 | |a Ανάτυπο από τα "Λεσβιακά" τόμος Θ' της Εταιρείας Λεσβιακών Μελετών. | ||
| 500 | |a Ανατύπωση: Μυτιλήνη: Πετράς, 2000. | ||
| 650 | 0 | 0 | |a Water towers |z Greece |z Mytilene (Greece) |
| 650 | 0 | 0 | |a Architecture, Roman |z Greece |z Mytilene (Lesbos) |
| 852 | |a INST |b LESVOS |e 20011112 |h 938.974 ΧΑΤ |p 005100025123 |q 005100025123 |t BK |y 0 | ||
| 852 | |a INST |b LESVOS |e 20231122 |h 938.974 ΧΑΤ |p 005100065650 |q 005100065650 |t BK |y 0 | ||
| 901 | |a BIBL1-2002-3 | ||
| 922 | |a 1ΕΛΗ |b 200111 |c ΤΑΚ/ΚΥΒ |d 200111 | ||
| 950 | |a 023-2001-11-02 | ||
| 970 | |a ΚΑΜΑΤΣΟΥ |b ΔΕΣΠΟΙΝΑ |z 2002/09/16 | ||